00833 2200253 4500001002100000005001500021035002000036008004100056020002200097082001000119084001600129100002200145245018300167250001200350260002200362300003100384700002900415504002900444600001000473990002400483990002400507990002400531990002400555INLIS00000000000259920260601020027 a0010-0420000003260601 0  a978-602-342-236-4 a297.3 a297.3 UST a0 aUstad Abdul Somad1 aAmalan Yang Paling Dicintai Allah :bMeraih Keberkahan Kesuksesan dan Kebahagiaan Dunia Akhirat Dengan Mengamalkan Sunnah Rasulullah /cUstad Abdul Somad;editor,Tim Zikrul Hakim, a.-Cet.1 a.--Jakarta,c2018 a221 hlm. :bilus. ;c27 cm aeditor,Tim Zikrul Hakim, aBibliografi, hlm 222-223 4aAgama a34.122/DAK/DPK/2019 a34.119/DAK/DPK/2019 a34.120/DAK/DPK/2019 a34.121/DAK/DPK/2019